00933nam a2200217 a 450000100100000000500170001000800410002704000250006810000280009324500750012126000530019630000210024949000480027050000300031859000750034883000550042304900090047895201050048795201060059299900170069800003473720200930073855.0111019s1956 dr 000 0 spa d aDO-SdBNPbspacBNPHU1 aSzilasi, Wilbelm96020910a¿Qué es la ciencia? /cWilbelm Szilasi ; traducción W. Roces y E. aMéxico :bFondo de Cultura Económica,c1956. a142 p. ;c18 cm.1 aBreviarios. Fondo de Cultura Económicav2 aQuinta reimpresión 1973 aPerteneció a la biblioteca personal de Juan Isidro Jimenes Grullón 0aBreviarios. Fondo de Cultura Económicav2960210 aBNPD 0010718PDaGRbGRcCTd2011-10-19iLF1l0o p34737-10r2020-06-25w2020-06-25yLFPDZNo se presta 00107-18PDaGRbGRcOId2011-10-19iLF1l0o p34738-10r2020-06-25w2020-06-25yLFPDZNo se presta c34228d34228